| 000 | 00404 a2200133 4500 | ||
|---|---|---|---|
| 001 | ART_12141 | ||
| 005 | 20260410161903.0 | ||
| 008 | 260409a | ||
| 245 | 1 | 0 | _aOn the structure of moving average processes |
| 100 | 1 | _aAnsley, Craig F. | |
| 700 | 1 | _aSpinvey, W. Allen | |
| 700 | 1 | _aWrobleski, William J. | |
| 773 | 0 |
_tJournal of econometrics _g- Vol. 6, NÂș 1 (jul. 1977) _wREV11720 |
|
| 999 |
_c26125 _d26125 |
||